00764nam a2200205Ia 4500003000900000008004100009020001800050040001600068080001600084245013600100260004600236300001400282650004100296650002500337650002700362700003000389942000700419999001500426952011700441IN-BaIIA211028s9999 xx 000 0 eng d a0-8165-0530-6 cIIA Library a523.45bJUP 0aJupiterbstudies of the interior, atmosphere, magnetosphere and satellitescedited by Tom Gehrels  aTucsonbUniversity of Arizona Pressc1976 ax, 1254p. aAstronomy and astrophysics thesaurus aPlanet jupiter91376 aPlanetary systems9965 aGehrels, Tom., ed.910477 cBK c6042d6042 00104070aBANbBANcGENd1978-11-30g35.00l0o523.45/ JUPp6748r2021-11-05v35.00w1978-11-30yBKGRs. 35.00